El occidente romántico: 1789-1850

保存先:
書誌詳細
第一著者: Keyser, Eugénie de (著者)
フォーマット: 図書
言語:スペイン語
出版事項: Barcelona Carroggio 1965
シリーズ:Arte, Ideas Historia
主題:
タグ: タグ追加
タグなし, このレコードへの初めてのタグを付けませんか!

MARC

LEADER 00000nam a2200000 a 4500
001 UCY2393
003 CL-VaPUC
008 941024e19650000SP |||||||||||||||||spa|d
082 0 4 |a 709.0342  |b KEY  |2 21 
100 0 |a Keyser, Eugénie de  |e author  |9 330419 
245 1 3 |a El occidente romántico: 1789-1850 
300 |a 212 p 
942 |c BK 
945 |d 19941024 00:00:00  |a oaravena 
260 |a Barcelona  |b Carroggio  |c 1965 
650 0 |a Arte moderno   |y Siglo 19   |9 330420 
583 |a last modification  |c 19941024 00:00:00  |k Rodrigo Vera 
490 0 |a Arte, Ideas Historia 
999 |c 230813  |d 230811 
952 |0 0  |1 0  |4 0  |6 709_034200000000000_KEY_1965  |7 0  |8 F  |9 233347  |a BIBARQ  |b BIBARQ  |d 2019-11-15  |i 3026094  |o 709.0342 KEY 1965  |p 3026094  |r 2025-01-20  |w 2019-11-15  |y BK_F  |k ARQ